[Event "Ungdoms-DM U12 2023"]
[Site "Odense"]
[Date "2023.11.05"]
[Round "7.3"]
[White "Bekmukhanov, Sauran"]
[Black "Repey, Yehor"]
[Result "0-1"]
[WhiteElo "1708"]
[BlackElo "1605"]
[PlyCount "104"]
[EventDate "2023.11.04"]
[EventType "swiss"]
[EventRounds "7"]
[EventCountry "DEN"]
[SourceTitle "Live v. Kasper Jerwiarz"]

1. e4 c5 2. Nf3 d6 3. d4 cxd4 4. Nxd4 Nf6 5. f3 a6 6. c4 e5 7. Nc2 Be6 8. Nc3
Be7 9. Be3 Nbd7 10. Qd2 Rc8 11. c5 Nxc5 12. g4 Nfd7 13. b4 Nb3 14. axb3 Qc7 15.
Bc4 b5 16. Rxa6 bxc4 17. Nb5 Qb7 18. Nxd6+ Bxd6 19. Qxd6 cxb3 20. Na3 Qb8 21.
Qd2 O-O 22. O-O Rfd8 23. Rd6 Nf6 24. Bc5 Rxd6 25. Bxd6 Qa7+ 26. Kh1 Qxa3 27.
Bxe5 Qa2 28. Bb2 Qa6 29. Ra1 Qb7 30. g5 Ne8 31. Qd4 Qd7 32. Qe5 Qd6 33. Qb5 Rb8
34. Qe2 Qxb4 35. f4 Qc4 36. Qe3 Nd6 37. Re1 Qxe4+ 38. Qxe4 Nxe4 39. Kg1 Nc5 40.
Rd1 Na4 41. Be5 Rc8 42. Bc7 h6 43. gxh6 Rxc7 44. hxg7 Kxg7 45. f5 Bxf5 46. Kg2
b2 47. Rc1 bxc1=Q 48. h4 Rc2+ 49. Kf3 Rc4 50. h5 Qa3+ 51. Ke2 Rc2+ 52. Kd1 Qc1#
0-1

[Event "Ungdoms-DM U12 2023"]
[Site "Odense"]
[Date "2023.11.05"]
[Round "7.4"]
[White "Nielsen, Johannes Smedegaard"]
[Black "Borgesen, Asmund Bech"]
[Result "1-0"]
[WhiteElo "1200"]
[BlackElo "1104"]
[PlyCount "37"]
[EventDate "2023.11.04"]
[EventType "swiss"]
[EventRounds "7"]
[EventCountry "DEN"]
[SourceTitle "Live v. Kasper Jerwiarz"]

1. d4 d5 2. c4 e6 3. Nf3 Nc6 4. Nc3 Bb4 5. a3 Bxc3+ 6. bxc3 Nf6 7. Bg5 O-O 8.
e3 h6 9. Bh4 Re8 10. Bd3 Bd7 11. Qb1 Rb8 12. O-O Bc8 13. Re1 e5 14. cxd5 e4 15.
Bxe4 g5 16. dxc6 bxc6 17. Qxb8 Rxe4 18. Bg3 Nh5 19. Bxc7 1-0